000 00439cam a22001697 4500
001 ltf91045041
003 DLC
005 20260227111553.0
008 910423s1951 xx 000 0 fin
010 _altf91045041
040 _aDLC
_cDLC
_dDLC
050 0 0 _a4NA Fin 1
100 1 _aBlomstedt, Pauli Ernesti,
_d1900-1935.
245 1 0 _aP.E. Blomstedt, arkkitehti.
260 _a[n.p.
_bSuomen Arkkitehtiliitto,
_c1951]
300 _a222 p.
999 _c37584
_d37584